All Israeli Wars - Statistics

General Stats
  • This quiz has been taken 65 times
  • The average score is 13 of 19
Answer Stats
Years War % Correct
2008-2009 Gaza War
83%
2012 Gaza War
83%
2014 Gaza War
83%
2023-Present Gaza War
83%
1967 Six Day War
83%
1978 South Lebanon Conflict
83%
1982-2000 Lebanon Conflict
81%
1982 Lebanon War
81%
2006 Lebanon War
81%
1973 Yom Kippur War
81%
2025 Iran-Israel War
78%
2024-Present Invasion of Syria
61%
1987-1993 1st Intifada
52%
2000-2005 2nd Intifada
52%
1956 Suez Crisis
48%
2023-2024 Hezbollah Conflict
43%
2021 Palestine Crisis
41%
1947-1948 Palestine War
41%
1967-1970 War of Attrition
20%
No matching quizzes found
Score Distribution
Percent of People with Each Score
Percentile by Number Answered
Your Score History
You have not taken this quiz